00245pam a2200121 a 4500020000500000041000500005100002300010245005000033250001000083260000900093300000800102653001300110 c h aByron S. Gottfried aTheory and Problems of Programming with Basic aIIIrd c1991 a386 aComputer